Compendio de la Teología Moral de San Alfonso María de Ligorio
Saved in:
| Hovedforfatter: | |
|---|---|
| Format: | Bog |
| Sprog: | spansk |
| Udgivet: |
Madrid
Miguel Olamendi
1882
|
| Udgivelse: | 1a. ed |
| Fag: | |
| Tags: |
Tilføj Tag
Ingen Tags, Vær først til at tagge denne postø!
|
MARC
| LEADER | 00000cam a2200000 a 4500 | ||
|---|---|---|---|
| 001 | UCD2265 | ||
| 003 | CL-VaPUC | ||
| 008 | 160421e18820000sp |||||||||||||||||spa|d | ||
| 082 | 0 | 4 | |a 241.6 |b FRA |2 21 |
| 100 | 0 | |a Frassinetti, José |e author |9 585577 | |
| 245 | 1 | 0 | |a Compendio de la Teología Moral de San Alfonso María de Ligorio |
| 250 | |a 1a. ed | ||
| 300 | |a t | ||
| 942 | |c BK | ||
| 945 | |d 20160421 23:07:00 |a dcastane | ||
| 260 | |a Madrid |b Miguel Olamendi |c 1882 | ||
| 650 | 0 | |a Teología moral |9 256617 | |
| 583 | |a last modification |c 20160421 23:07:00 |k Rodrigo Vera | ||
| 999 | |c 363428 |d 363426 | ||
| 952 | |0 0 |1 0 |3 erd |4 0 |6 241_600000000000000_FRA_1882 |7 0 |8 X |9 475750 |a BIBTEO |b BIBTEO |c TEO_FFR |h t.1 |i 5225795 |o 241.6 FRA 1882 |p 5225795 |r 2024-01-18 |w 2019-11-24 |y BK_X |z Catalogado en:20160421 |k OFM | ||
| 952 | |0 0 |1 0 |3 erd |4 0 |6 241_600000000000000_FRA_1882 |7 0 |8 X |9 475751 |a BIBTEO |b BIBTEO |c TEO_FFR |h t.2 |i 5225809 |o 241.6 FRA 1882 |p 5225809 |r 2024-01-18 |w 2019-11-24 |y BK_X |z Catalogado en:20160421 |k OFM | ||